01252nam a22001817a 450000500170000000800410001702000180005804000070007604100120008308200210009510000160011624500280013226000540016030000220021436500600023652007620029665000120105820260129145644.0221117b ||||| |||| 00| 0 eng d a9780143458180 cAL aEnglish 223a820.33bMURM aSudha Murty aMagic of the lost story aHaryanabPenguin Random House India Pvt Ltdc2022 a195pbPBc19x13cm aBLCR-000104b₹200.00c₹d₹250.00e20%f10-11-2022 aAfter staying in the lockdown for over a year, Nooni is now visiting her Ajja-Ajji in Somanahalli. Memories of excavating the famous stepwell and experiencing village life for the first time in The Magic of the Lost Temple are still afresh in Nooni’s mind. Excited to finally step out of the confines of her home, little does Nooni know she will make yet another discovery, only this time it’s a missing puzzle in her family’s history. Written in India’s favourite storyteller’s inimitable style, The Magic of the Lost Story captures the value of asking questions and keeping the answers alive. Packed with delightful artworks and wondrous terrains, this story takes you on an unforgettable journey as it follows the magnificent Tungabhadra River. aFiction